• 首页
  • 本馆介绍
  • 公告通知
  • 最新文献
  • 馆藏检索
  • 电子资源
  • 读者导购
  • 参考咨询
  • 我的图书馆
  • 登录
  • 详细信息显示
  • 放入我的书架
  • 预约/预借图书
  • 作者相关作品
  • 分类相关作品
  • 丛书相关作品
  • 出版社相关作品

书目信息

  • 表格格式
  • 工作单格式
  • 卡片格式
题名:
战场决胜者
    
 
作者: ;指文烽火工作室 著
分册: 004   日本战国争霸录
出版信息: 长春   吉林文史出版社  2016
页数: 203页
开本: 23cm
丛书名:
单 册:
中图分类: E19 , K313.34
科图分类:
主题词: 战争史--zhan zheng shi--世界--史料
电子资源:
ISBN: 978-7-5472-3673-4
000 00930nam0 22002531 450
001 0120081952
005 20170320081952.0
010    @a978-7-5472-3673-4@dCNY39.80
100    @a20170120d2016 em y0chiy50 ea
101 0  @achi
102    @aCN@b220000
105    @aa z 000yy
106    @ar
200 1  @a战场决胜者@9zhan chang jue sheng zhe@h004@i日本战国争霸录@f指文烽火工作室著
210    @a长春@c吉林文史出版社@d2016
215    @a203页@c图@d23cm
330    @a本书分为三篇:强盛的根基、致命的技艺、逐胜的哲学,具体包括:“关东的霸权战争:古河公方的兴衰和北条、里见氏的逐鹿”、“本能寺之变的生与死:以尾张织田为代表的日本战国武家体制”等。
606 0  @a战争史@9zhan zheng shi@y世界@j史料
607    @a日本@Ari ben@x中世纪史@z战国时代(日本)
690    @aE19@v5
690    @aK313.34@v5
711 02 @a指文烽火工作室@9zhi wen feng huo gong zuo shi@4著
801  0 @aCN@bTANGWEI@c20170308
905    @b0954855-7@dE19@e75@f3
    
    战场决胜者.004.日本战国争霸录/指文烽火工作室著.-长春:吉林文史出版社,2016
    203页:图;23cm
    
    
    ISBN 978-7-5472-3673-4:CNY39.80
    本书分为三篇:强盛的根基、致命的技艺、逐胜的哲学,具体包括:“关东的霸权战争:古河公方的兴衰和北条、里见氏的逐鹿”、“本能寺之变的生与死:以尾张织田为代表的日本战国武家体制”等。
●
相关链接 在E读中查询图书 在五车中查询图书 在当当中查询图书 在豆瓣中查询图书


正题名:战场决胜者     索取号:E19/75         预约/预借

序号 登录号 条形码 馆藏地/架位号 状态 备注
1 0954855   209548550   第一样本阅览室/ [索取号:E19/75] 在馆    
2 0954856   209548569   第一借阅区/ [索取号:E19/75] 在馆    
3 0954857   209548578   第一借阅区/ [索取号:E19/75] 在馆    
唐山师范学院图书馆 欢迎您!
大连网信软件有限公司© 版权所有